The Troubles in Northern Ireland - Statistics

General Stats
  • This quiz has been taken 75 times
  • The average score is 19 of 51
Answer Stats
Hint Answer % Correct
Most Protestants were ________ Unionist
84%
Democratic ________ Party Unionist
84%
'O'Neill Must __', the above's campaign Go
75%
City bombed during World War II Belfast
73%
Agreement of 1998 Good Friday
71%
Irish capital, bombed in 1974 Dublin
70%
Form of strike prisoners took part in Hunger
68%
Nickname of 30 January 1972 Bloody Sunday
63%
Social __________ and Labour Party Democratic
59%
___________ IRA, who broke off from their Dublin-based command Provisional
59%
Political wing of the above Sinn Féin
59%
Ulster _______ Association Defence
57%
Most Catholics were ___________ Nationalist
57%
Leader of the above from the mid-1980's Gerry Adams
55%
Reverend who became Prime Minister in 1971 Ian Paisley
55%
The above created 65,000 new ____ for Catholics Jobs
54%
A Unionist who uses or supports violence Loyalist
54%
Ulster _________ Force Volunteer
54%
IRA prisoners demanded _________ status Political
45%
'_______ Rights for _______ Citizens', the above's policy British
41%
The above's American inspiration, who led the Civil Rights Movement Martin Luther King
41%
Drawing electoral boundaries to ensure one side would always win Gerrymandering
39%
__________ Pub Bombings of 1974 Birmingham
38%
Battle of the _______ Bogside
38%
'Build _______ between our two communities' Bridges
36%
The arrest and imprisonment of people without trial Internment
36%
British Labour leader after World War II Clement Attlee
30%
Protestant armed police force Royal Ulster Constabulary
30%
The use of fear and violence to change society or government policy Terrorism
29%
Northern Ireland _____ ______ Association, formed in 1967 Civil Rights
27%
Agreement of 1973 Sunningdale
25%
Its part-time special units, known for violence against Catholics B-Specials
23%
Leader who came after the aboce John Hume
23%
The above was of the Free ____________ Church Presbyterian
23%
1963 Prime Minister of Northern Ireland Terence O'Neill
23%
A major problem among Catholics in Northern Ireland was ____________ Unemployment
21%
_____-_______ government, where Nationalists and Unionists governed together Power-Sharing
16%
_______ of Ireland, set up by the above Council
14%
Surrendering of weapons Decommissioning
14%
Northern town also bombed then Monaghan
14%
Ulster _______' Council Workers
14%
1985 agreement between FitzGerald and Margaret Thatcher Anglo-Irish
13%
1920 act that partitioned Ireland into two states Government of Ireland
13%
Taoiseach who met with the above in 1965 Seán Lemass
11%
Protestant organisation whose marches often led to violence Apprentice Boys
7%
Northern Ireland was now part of the _______ state Welfare
7%
December 1993 declaration Downing Street
5%
First leader of the above Gerry Fitt
5%
Protestant leader Brian Faulkner
2%
Became Prime Minister in April 1969 James Chichester-Clark
2%
Staging large-scale attack on the British mainland Spectaculars
0%
No matching quizzes found
Score Distribution
Percent of People with Each Score
Percentile by Number Answered
Your Score History
You have not taken this quiz